000 00628cam a22002177a 4500
001 000741
003 armpunfd
005 20140612090619.0
008 011019e1974####xx#a##########000#0#und#d
040 _aarmpunfd
_carmpunfd
080 _a340.11 M 18
100 1 0 _a Machado Neto, Antonio Luiz
245 1 0 _aFundamentacion egologica de la teoria general del derecho
260 _a Buenos Aires
_b Editorial Universitaria
_cC1974
300 _a176p.
650 7 _a Filosofia Del Derecho
_2LEMB
650 7 _a Filosofia
_2LEMB
650 7 _a Teoria Egologica
_2LEMB
942 _cLB
_2cdu
945 _aCatalis
_d2010-08-19
999 _c732
_d231236